Countries of the World by Population Density - Statistics

General Stats
  • This quiz has been taken 4,783 times
    745 since last reset
  • The average score is 46 of 196
Answer Stats
Hint sq mile Answer % Correct
Europe 49,652 Monaco
98%
Asia 21,177 Singapore
91%
Asia 5,422 Bahrain
73%
Europe 4,414 Malta
64%
Europe 2,949 Vatican City
62%
Asia 4,573 Maldives
58%
Asia 3,496 Bangladesh
57%
Oceania 1,557 Nauru
55%
North America 1,702 Barbados
54%
Europe 1,449 San Marino
50%
Asia 1,654 Taiwan
49%
Europe 1,411 Netherlands
48%
Africa 1,618 Mauritius
46%
Europe 1,006 Belgium
43%
North America 1,119 Haiti
42%
Africa 1,530 Rwanda
42%
Oceania 819 Tuvalu
41%
Asia 1,481 Lebanon
40%
Asia 6 Mongolia
40%
Asia 1,371 South Korea
40%
Oceania 9 Australia
39%
Africa 1,451 Burundi
39%
North America 894 Grenada
38%
Asia 1,275 India
38%
Asia 1,139 Israel
38%
Africa 1,229 Comoros
36%
North America 796 El Salvador
36%
South America 11 Guyana
36%
Europe 685 Luxembourg
36%
South America 11 Suriname
36%
Europe 745 United Kingdom
36%
North America 12 Canada
35%
Europe 10 Iceland
35%
North America 765 Saint Lucia
35%
Asia 875 Japan
34%
North America 763 Trinidad and Tobago
34%
Europe 650 Liechtenstein
33%
Oceania 522 Marshall Islands
33%
Asia 1,014 Philippines
33%
North America 618 Dominican republic
32%
North America 678 Jamaica
32%
Oceania 421 Federated States of Micronesia
31%
Africa 10 Namibia
31%
South America 30 Bolivia
30%
Oceania 436 Kiribati
30%
Asia/Europe 23 Russia
30%
North America 684 Saint Vincent and the Grenadines
30%
Asia 973 Sri Lanka
30%
Oceania 373 Tonga
30%
North America 555 Antigua and Barbuda
29%
South America 43 Argentina
29%
Europe 623 Germany
29%
North America 452 Guatemala
29%
Asia 857 Pakistan
29%
South America 46 Paraguay
29%
North America 467 Saint Kitts and Nevis
29%
South America 50 Uruguay
29%
South America 66 Brazil
28%
South America 69 Chile
28%
Oceania 52 New Zealand
28%
South America 70 Peru
28%
Asia 840 Vietnam
28%
South America 125 Colombia
27%
South America 191 Ecuador
27%
Africa 11 Libya
27%
Oceania 62 Papua New Guinea
27%
Asia 702 Qatar
27%
Africa 748 Seychelles
27%
Asia/Europe 290 Turkey
27%
South America 84 Venezuela
27%
North America 98 United States
26%
Europe 457 Andorra
25%
Europe 518 Italy
25%
Asia 20 Kazakhstan
25%
Asia 731 Kuwait
25%
Europe 40 Norway
25%
Oceania 204 Samoa
25%
Europe 588 Switzerland
25%
North America 273 Cuba
24%
Oceania 132 Fiji
24%
Europe 48 Finland
24%
North America 176 Mexico
24%
Oceania 78 Solomon Islands
24%
Oceania 71 Vanuatu
24%
North America 48 Belize
23%
North America 261 Costa Rica
23%
North America 255 Honduras
23%
Oceania 99 Palau
23%
North America 227 Dominica
22%
Europe 68 Sweden
22%
North America 151 Nicaragua
21%
Africa 675 Nigeria
21%
North America 160 Panama
21%
Africa 664 Uganda
21%
North America 104 Bahamas
20%
Asia 389 China
20%
Europe 389 Denmark
20%
Africa 722 Gambia
20%
Asia 572 North Korea
20%
Africa 12 Botswana
19%
Africa 13 Mauritania
19%
Asia 535 Nepal
19%
Africa 648 Sao Tome and Principe
19%
Asia 414 United Arab Emirates
19%
Europe 315 France
18%
Asia 394 Indonesia
18%
Asia 42 Turkmenistan
18%
Africa 23 Central African Republic
17%
Europe 356 Czech Republic
17%
Europe 426 Kosovo
17%
Africa 610 Malawi
17%
Europe 323 Poland
17%
Europe 248 Spain
17%
Africa 463 Togo
17%
Europe 286 Austria
16%
Europe 115 Belarus
16%
Africa 43 Chad
16%
Europe 77 Latvia
16%
Europe 117 Lithuania
16%
Europe 294 Portugal
16%
Asia 42 Saudi Arabia
16%
Europe 289 Slovakia
16%
Asia 384 Cyprus
15%
Europe 81 Estonia
15%
Africa 399 Ghana
15%
Asia 46 Oman
15%
Europe 272 Slovenia
15%
Asia 361 Syria
15%
Asia 363 Thailand
15%
Asia 326 Azerbaijan
14%
Asia 229 Brunei
14%
Africa 339 Cape Verde
14%
Europe 273 Hungary
14%
Asia 281 Iraq
14%
Europe 200 Ireland
14%
Asia 336 Jordan
14%
Europe 236 Moldova
14%
Europe 262 Albania
13%
Africa 52 Algeria
13%
Africa 340 Benin
13%
Europe 159 Bosnia and Herzegovina
13%
Europe 160 Bulgaria
13%
Europe 178 Croatia
13%
Africa 308 Egypt
13%
Europe 200 Greece
13%
Africa 53 Mali
13%
Europe 122 Montenegro
13%
Africa 57 Niger
13%
Europe 186 North Macedonia
13%
Europe 213 Romania
13%
Europe 174 Ukraine
13%
Asia 269 Armenia
12%
Africa 311 Ethiopia
12%
Africa 26 Gabon
12%
Asia 284 Malaysia
12%
Europe 198 Serbia
12%
Asia 218 Uzbekistan
12%
Asia 54 Bhutan
11%
Asia 262 Cambodia
11%
Asia 148 Iran
11%
Africa 262 Kenya
11%
Asia 99 Kyrgyzstan
11%
Asia 88 Laos
11%
Africa 49 Republic of the Congo
11%
Africa 72 Sudan
11%
Asia 201 Tajikistan
11%
Asia 247 Timor Leste
11%
Asia 174 Afghanistan
10%
Asia 218 Myanmar
10%
Africa 316 Sierra Leone
10%
Africa 206 Tunisia
10%
Asia 205 Yemen
10%
Africa 76 Zambia
10%
Africa 228 Burkina Faso
9%
Africa 266 Cote d'Ivoire
9%
Africa 129 Democratic Republic of the Congo
9%
Africa 132 Djibouti
9%
Asia 142 Georgia
9%
Africa 202 Lesotho
9%
Africa 148 Madagascar
9%
Africa 223 Morocco
9%
Africa 255 Senegal
9%
Africa 50 South Sudan
9%
Africa 81 Angola
8%
Africa 179 Equatorial Guinea
8%
Africa 77 Eritrea
8%
Africa 189 Eswatini
8%
Africa 159 Guinea
8%
Africa 207 Guinea-Bissau
8%
Africa 117 Mozambique
8%
Africa 81 Somalia
8%
Africa 138 South Africa
8%
Africa 206 Tanzania
8%
Africa 154 Liberia
7%
Africa 113 Zimbabwe
7%
Africa 164 Cameroon
6%
No matching quizzes found
Score Distribution
Percent of People with Each Score
Percentile by Number Answered
Your Score History
You have not taken this quiz since the last reset